000 00696nam a22002177a 4500
003 OSt
005 20140724142451.0
008 140724b xxu||||| |||| 00| 0 eng d
020 _a0070843783
040 _cLDC
082 _a515.6 SPI 1974
100 _aSpigel Murray R
_9753
245 _aSchaum's outline of theory and Problems of Vector Analysis. SI (Metric) Edition:
_band an introduction to Tensor analysis/
_cMurray Spiegel.
250 _aMetric Edition
260 _aSingapore:
_bMcGraw-Hill, Inc;
_c1974.
300 _a225 p.:
_bill;
_c28 cm.
440 _aSchaum's Outline Series
_9721
504 _aIncludes 480 solved Poblems and Index
650 _aVectors
_9754
942 _2z
_cB_BANK
999 _c278
_d278